| 000 -LEADER |
| fixed length control field |
00337nam a2200145Ia 4500 |
| 008 - FIXED-LENGTH DATA ELEMENTS--GENERAL INFORMATION |
| fixed length control field |
200615s9999||||xx |||||||||||||| ||und|| |
| 020 ## - INTERNATIONAL STANDARD BOOK NUMBER |
| International Standard Book Number |
8185015589 |
| 082 ## - DEWEY DECIMAL CLASSIFICATION NUMBER |
| Classification number |
4 |
| Item number |
CJD-A |
| 100 ## - MAIN ENTRY--PERSONAL NAME |
| Personal name |
C.J.DATE |
| 245 #3 - TITLE STATEMENT |
| Title |
AN INTRODUCTION TO DATABASE SYSTEMS |
| 250 ## - EDITION STATEMENT |
| Edition statement |
3RD |
| 260 ## - PUBLICATION, DISTRIBUTION, ETC. |
| Place of publication, distribution, etc. |
new delhi |
| Name of publisher, distributor, etc. |
NAROSA |
| Date of publication, distribution, etc. |
2017 |
| 300 ## - PHYSICAL DESCRIPTION |
| Extent |
1349 |
| 942 ## - ADDED ENTRY ELEMENTS (KOHA) |
| Koha item type |
Book |